Consultants' fees (Record no. 67689)
[ view plain ]
| 000 -LEADER | |
|---|---|
| fixed length control field | 00862cam a2200205 4500 |
| 001 - CONTROL NUMBER | |
| control field | WB3727-01 |
| 008 - FIXED-LENGTH DATA ELEMENTS--GENERAL INFORMATION | |
| fixed length control field | 010711n2001 000 0 eng u |
| 035 ## - SYSTEM CONTROL NUMBER | |
| System control number | (Sirsi) u113603 |
| 245 ## - TITLE STATEMENT | |
| Title | Consultants' fees |
| 260 ## - PUBLICATION, DISTRIBUTION, ETC. | |
| Date of publication, distribution, etc. | 2001 |
| 490 ## - SERIES STATEMENT | |
| Series statement | BCIS Press Release |
| Volume/sequential designation | July 2001, (3) |
| 520 ## - SUMMARY, ETC. | |
| Summary, etc. | The BCIS has published a "Review of consultants' fees on construction projects". This examines the level of total fees paid on a sample of 1500 projects completed between 1998 and 2000. Suggests that average fees paid to consultants on construction projects is 9.2% of the construction cost. To obtain copies of the report, priced £19.50, email: [email protected], or tel: 020 7695 1500. |
| 590 ## - LOCAL NOTE (RLIN) | |
| Local note | WB |
| 650 ## - SUBJECT ADDED ENTRY--TOPICAL TERM | |
| Topical term or geographic name entry element | BCIS |
| 650 ## - SUBJECT ADDED ENTRY--TOPICAL TERM | |
| Topical term or geographic name entry element | CONSULTANTS |
| 650 ## - SUBJECT ADDED ENTRY--TOPICAL TERM | |
| Topical term or geographic name entry element | FEES |
| 650 ## - SUBJECT ADDED ENTRY--TOPICAL TERM | |
| Topical term or geographic name entry element | COST ESTIMATING |
| 690 ## - LOCAL SUBJECT ADDED ENTRY--TOPICAL TERM (OCLC, RLIN) | |
| Topical term or geographic name as entry element | BUILT ENVIRONMENT-BUILDING COSTS |
| 942 ## - ADDED ENTRY ELEMENTS (KOHA) | |
| Suppress in OPAC | 0 |
| Withdrawn status | Lost status | Source of classification or shelving scheme | Damaged status | Not for loan | Home library | Current library | Shelving location | Date acquired | Total Checkouts | Full call number | Barcode | Date last seen | Copy number | Price effective from | Koha item type |
|---|---|---|---|---|---|---|---|---|---|---|---|---|---|---|---|
| Dewey Decimal Classification | London | London | News article | 11/07/2001 | WB3727-01 | 113603-1001 | 06/08/2019 | 1 | 06/08/2019 | News article |